[Event "III Aberto do Brasil Cidade de MaringÃƒÂ"]
[Site "Country Club de MaringÃƒÂ¡ - P"]
[Date "2013.07.27"]
[Round "7"]
[White "SOUZA, Marcos Valerio A"]
[Black "MOURA DE LIMA, Wilian Rither D"]
[Result "1/2-1/2"]
[WhiteElo "2057"]
[BlackElo "1948"]
[PlyCount "142"]
[EventDate "2013.07.24"]

1. d4 c6 2. g3 Nf6 3. Bg2 d5 4. Nf3 Bf5 5. O-O e6 6. c4 Be7 7. Qb3 Qb6 8. Nc3
dxc4 9. Qxc4 O-O 10. Re1 Rd8 11. e4 Bg6 12. a3 Bh5 13. Be3 Ng4 14. Na4 Qb5 15.
Qxb5 cxb5 16. Nc3 Nxe3 17. Rxe3 Bxf3 18. Bxf3 Rxd4 19. Nxb5 Rd7 20. Rd1 Rxd1+
21. Bxd1 Nc6 22. Rd3 a6 23. Nc3 Ne5 24. Rd2 Rd8 25. Rxd8+ Bxd8 26. Be2 Bb6 27.
Kg2 Kf8 28. f4 Nc6 29. e5 Nd4 30. Bd3 h6 31. Ne4 Ba7 32. Nd6 b5 33. h3 Bc5 34.
Ne4 Ba7 35. g4 Nb3 36. Nc3 Be3 37. Kf3 Bb6 38. Ke2 Ke7 39. Be4 Nc5 40. Bc6 Nb3
41. Kd3 Nc5+ 42. Kc2 Kd8 43. b4 Nd7 44. Kd3 Kc7 45. Bxd7 Kxd7 46. Ne4 Bg1 47.
Nd6 Ke7 48. Ne4 Kd7 49. Nc3 Kc6 50. f5 Bh2 51. Ke4 Bg1 52. Ne2 Ba7 53. Nf4 Kd7
54. fxe6+ fxe6 55. Nh5 g5 56. Nf6+ Ke7 57. Kd3 Bb6 58. Ne4 Bg1 59. Nd6 Bh2 60.
Ke4 Bg1 61. Nb7 Kd7 62. Na5 Bb6 63. Nb3 Ba7 64. Nd2 Bb6 65. Nf3 Ke7 66. h4 gxh4
67. Nxh4 Bf2 68. Ng6+ Kf7 69. Nf4 Ke7 70. Nd3 Bb6 71. Nb2 Kd7 1/2-1/2

[Event "III Aberto do Brasil Cidade de MaringÃƒÂ"]
[Site "Country Club de MaringÃƒÂ¡ - P"]
[Date "2013.07.27"]
[Round "7"]
[White "MENEGHETTI, Alexandre"]
[Black "COSTA, Paulo Cesar"]
[Result "0-1"]
[WhiteElo "1749"]
[BlackElo "2054"]
[PlyCount "82"]
[EventDate "2013.07.24"]

1. e4 e6 2. d4 d5 3. exd5 exd5 4. Bd3 Bd6 5. Nf3 Nf6 6. O-O O-O 7. Bg5 Re8 8.
Nbd2 Bg4 9. c3 Nbd7 10. Qc2 h6 11. Bh4 c6 12. Bf5 Bxf5 13. Qxf5 Qb6 14. b4 Qc7
15. Rfe1 a5 16. a3 axb4 17. axb4 Rxa1 18. Rxa1 Ne4 19. Nxe4 dxe4 20. Re1 g6 21.
Qg4 h5 22. Qh3 f5 23. Bg5 Nf8 24. Nh4 Qf7 25. g3 Nh7 26. Bd2 Rf8 27. Qf1 Nf6
28. Ng2 Nd5 29. Qc4 Ra8 30. Ne3 Nxe3 31. Qxf7+ Kxf7 32. Bxe3 b5 33. h4 Ke6 34.
Kf1 Kd5 35. Ke2 Kc4 36. Bd2 Ra2 37. Rc1 Bf8 38. Ke1 Rxd2 39. Ra1 Rd3 40. Ra8
Bh6 41. Rc8 Kd5 0-1

[Event "III Aberto do Brasil Cidade de MaringÃƒÂ"]
[Site "Country Club de MaringÃƒÂ¡ - P"]
[Date "2013.07.28"]
[Round "8"]
[White "BACHMANN, Axel"]
[Black "MARECO, Sandro"]
[Result "1/2-1/2"]
[WhiteElo "2536"]
[BlackElo "2562"]
[PlyCount "102"]
[EventDate "2013.07.24"]

1. c4 e5 2. Nc3 Nf6 3. g3 Bb4 4. Bg2 O-O 5. e4 Nc6 6. Nge2 Bc5 7. O-O a6 8. d3
d6 9. h3 Rb8 10. a3 b5 11. b4 Ba7 12. cxb5 axb5 13. Kh2 Nd4 14. f4 c6 $11 15.
f5 d5 16. g4 Nxe2 17. Nxe2 dxe4 18. dxe4 h6 19. Qb3 c5 20. Qg3 c4 21. g5 hxg5
22. Bxg5 Qd3 23. Rf3 Qd6 24. Rd1 Qc6 25. Nc3 Bb7 26. Bxf6 Qxf6 27. Nxb5 Bd4 28.
Nxd4 Bxe4 29. Qg4 Bxf3 30. Nxf3 c3 31. Rc1 e4 32. Qxe4 Rfe8 33. Qd4 Qxf5 34.
Rxc3 Re2 35. Qg4 Qf6 36. Rc8+ Rxc8 37. Qxc8+ Kh7 38. Qg4 Kg8 39. Qc8+ Kh7 40.
Qg4 Kg8 41. Qg3 g6 42. b5 Ra2 43. Ne5 Qd6 44. Nc4 Qd4 45. b6 Ra1 46. Qb8+ Kh7
47. Qc7 Qg1+ 48. Kg3 Rf1 49. b7 Qf2+ 50. Kh2 Qg1+ 51. Kg3 Qf2+ 1/2-1/2

[Event "III Aberto do Brasil Cidade de MaringÃƒÂ"]
[Site "Country Club de MaringÃƒÂ¡ - P"]
[Date "2013.07.28"]
[Round "8"]
[White "MATSUURA, Everaldo"]
[Black "PROUDIAN, Armen"]
[Result "1-0"]
[WhiteElo "2491"]
[BlackElo "2286"]
[PlyCount "68"]
[EventDate "2013.07.24"]

1. d4 Nf6 2. Nc3 d5 3. Bg5 Bf5 4. f3 Nc6 5. e4 dxe4 6. d5 Nb4 7. Bxf6 e3 8. Bg5
Nxc2+ 9. Ke2 Qd6 10. Bxe3 Qe5 11. Qc1 g5 12. Kf2 e6 13. Bb5+ c6 14. Ba4 Nb4 15.
Qd2 O-O-O 16. Qd4 Nd3+ 17. Kf1 Qxd4 18. Bxd4 e5 19. Be3 Nxb2 20. Bb3 Bb4 21.
Nge2 Bd3 22. Kf2 Bxe2 23. Nxe2 Nd3+ 24. Kf1 cxd5 25. Rd1 e4 26. Bc2 Ne5 27.
Bxg5 exf3 28. gxf3 Nc4 29. Bf5+ Kb8 30. Rd3 Rde8 31. Rxd5 a5 32. Kf2 Ka7 33.
Rc1 Nb6 34. Rb5 Bd6 1-0

[Event "III Aberto do Brasil Cidade de MaringÃƒÂ"]
[Site "Country Club de MaringÃƒÂ¡ - P"]
[Date "2013.07.28"]
[Round "8"]
[White "CAVALCANTI, Francisco De Assis"]
[Black "SANTIAGO, Yago De Moura"]
[Result "0-1"]
[WhiteElo "2289"]
[BlackElo "2409"]
[PlyCount "96"]
[EventDate "2013.07.24"]

1. d4 Nf6 2. Nf3 e6 3. c4 b6 4. g3 Ba6 5. Qa4 c5 6. Bg2 Bb7 7. dxc5 Bxc5 8. O-O
O-O 9. Nc3 Be7 10. Bf4 Na6 11. Rac1 Nc5 12. Qc2 a5 13. Rfd1 Rc8 14. Qb1 Nfe4
15. Nb5 f5 16. Ne1 Qe8 17. f3 Ng5 18. Nd6 $11 Bxd6 19. Bxd6 Rf6 20. Be5 Rg6 21.
Nd3 Nf7 22. Nxc5 bxc5 23. Bc3 f4 24. g4 d5 25. Bxa5 d4 26. b4 e5 27. bxc5 Bc6
28. Be1 Nd8 29. Qf5 Ne6 30. Rb1 e4 31. h4 d3 32. fxe4 Nd4 33. Qh5 Nxe2+ 34. Kh2
Rd8 35. g5 Bxe4 36. Qxe2 dxe2 37. Rxd8 Qxd8 38. Bxe4 Qd1 39. Bd5+ Kf8 40. Rb8+
Ke7 41. Rb7+ Ke8 42. Ba5 e1=Q 43. Rb8+ Kd7 44. c6+ Rxc6 45. Rb7+ Kc8 46. Bxe1
Kxb7 47. Bf2 Qf1 48. Bxc6+ Kxc6 0-1

[Event "III Aberto do Brasil Cidade de MaringÃƒÂ"]
[Site "Country Club de MaringÃƒÂ¡ - P"]
[Date "2013.07.28"]
[Round "8"]
[White "BRODAY, Geovani Allan"]
[Black "MENNA BARRETO, Felipe Kubiaki"]
[Result "1/2-1/2"]
[WhiteElo "2097"]
[BlackElo "2277"]
[PlyCount "43"]
[EventDate "2013.07.24"]

1. e4 e6 2. d3 d5 3. Nd2 Nf6 4. g3 Bc5 5. Bg2 Nc6 6. Ngf3 dxe4 7. dxe4 e5 8.
O-O O-O 9. c3 a5 10. h3 b6 11. Qa4 Bd7 12. Qc2 Qc8 13. Kh2 $11 Qa6 14. a4 Qe2
15. Re1 Qxf2 16. Qd3 Rfd8 17. Re2 Bxh3 18. Qxd8+ Rxd8 19. Rxf2 Ng4+ 20. Kxh3
Nxf2+ 21. Kh2 Ng4+ 22. Kh3 1/2-1/2

[Event "III Aberto do Brasil Cidade de MaringÃƒÂ"]
[Site "Country Club de MaringÃƒÂ¡ - P"]
[Date "2013.07.28"]
[Round "8"]
[White "SOUZA NEVES, Andrey M"]
[Black "PALOZI, Paulo Ricardo"]
[Result "0-1"]
[WhiteElo "2172"]
[BlackElo "2251"]
[PlyCount "74"]
[EventDate "2013.07.24"]

1. Nf3 d5 2. b3 Nc6 3. Bb2 Nf6 4. e3 Bg4 5. Bb5 Qd6 6. h3 Bxf3 7. Qxf3 e5 8.
Bxc6+ bxc6 9. Qf5 Nd7 10. f4 f6 11. fxe5 fxe5 12. O-O O-O-O 13. c4 d4 14. exd4
exd4 15. Qg4 c5 16. b4 cxb4 17. Bxd4 Qxd4+ 18. Qxd4 Bc5 19. Qf2 Bxf2+ 20. Rxf2
Ne5 21. Rf4 Nd3 22. Rg4 Rhe8 23. Rxg7 Ne1 24. Nc3 bxc3 25. dxc3 Rd2 26. Kf1 Nc2
27. Rb1 Ree2 28. Kg1 Ne3 29. c5 Rxg2+ 30. Rxg2 Rxg2+ 31. Kh1 Rc2 32. Rb3 Nd5
33. c6 Rxc3 34. Rb5 Nf6 35. Ra5 Rxh3+ 36. Kg2 Rc3 37. Rxa7 Rxc6 0-1

[Event "III Aberto do Brasil Cidade de MaringÃƒÂ"]
[Site "Country Club de MaringÃƒÂ¡ - P"]
[Date "2013.07.28"]
[Round "8"]
[White "GONCALVES, Jorge Roberto"]
[Black "UTIYAMA, Marcel Heimar Ribeir"]
[Result "0-1"]
[WhiteElo "2068"]
[BlackElo "2185"]
[PlyCount "90"]
[EventDate "2013.07.24"]

1. d4 Nf6 2. e3 g6 3. Bd3 Bg7 4. Nf3 d5 5. h3 c5 6. c3 Nbd7 7. Nbd2 O-O 8. O-O
b6 9. Ne5 Qc7 10. f4 Ne8 11. Nxd7 Bxd7 12. Qf3 Bc6 13. g4 Nd6 14. Qg2 f5 15.
Nf3 Bb5 16. Bxb5 Nxb5 17. Bd2 Nd6 18. Ng5 Qc6 19. Rad1 Ne4 20. Nxe4 dxe4 21.
Be1 Rad8 22. Bh4 Rd7 23. Rf2 cxd4 24. cxd4 Rc8 25. Rdd2 Qe6 26. gxf5 gxf5 27.
Rc2 Rdc7 28. Rxc7 Rxc7 29. Rc2 Rc8 30. Rxc8+ Qxc8 31. Qg5 Qc1+ 32. Kg2 Qxb2+
33. Bf2 Qxa2 34. Qxe7 Qf7 35. Qd8+ Bf8 36. Bh4 h6 37. Bf6 a5 38. Qxb6 a4 39.
Qa6 a3 40. Be5 Kh7 41. Kf1 Be7 42. d5 Qxd5 43. Qa7 Qf7 44. Qa8 Bh4 45. Kg1 Qg8+
0-1

[Event "III Aberto do Brasil Cidade de MaringÃƒÂ"]
[Site "Country Club de MaringÃƒÂ¡ - P"]
[Date "2013.07.28"]
[Round "8"]
[White "COSTA, Paulo Cesar"]
[Black "VILLALBA, Marcelo"]
[Result "0-1"]
[WhiteElo "2054"]
[BlackElo "2179"]
[PlyCount "76"]
[EventDate "2013.07.24"]

1. Nf3 d5 2. d4 Nf6 3. c4 e6 4. Nc3 Nbd7 5. Bg5 c6 6. e3 Qa5 7. Nd2 Bb4 8. Qc2
O-O 9. Bxf6 Nxf6 10. Be2 e5 11. dxe5 Ne4 12. Ndxe4 dxe4 13. O-O Bxc3 14. Qxc3
Qxc3 15. bxc3 Re8 16. Rfd1 Kf8 17. Rab1 Rxe5 18. Rd8+ Re8 19. Rxe8+ Kxe8 20. f3
Kd8 21. fxe4 Kc7 22. Kf2 Be6 23. Bd3 Rd8 24. Ke2 b6 25. c5 bxc5 26. Ba6 Rb8 27.
Rxb8 Kxb8 28. a4 Kc7 29. a5 Kd6 30. Kd3 Ba2 31. Bc4 Bb1+ 32. Kd2 Bxe4 33. Bxf7
Bxg2 34. Kd3 g5 35. Bh5 Bd5 36. Bg4 c4+ 37. Ke2 Be6 38. Bf3 Kc5 0-1

[Event "III Aberto do Brasil Cidade de MaringÃƒÂ"]
[Site "Country Club de MaringÃƒÂ¡ - P"]
[Date "2013.07.28"]
[Round "8"]
[White "DELGADO, Lidio Dias"]
[Black "FELICIANO, Nilo"]
[Result "1/2-1/2"]
[WhiteElo "2294"]
[BlackElo "2040"]
[PlyCount "39"]
[EventDate "2013.07.24"]

1. Nf3 Nf6 2. g3 c5 3. Bg2 g6 4. O-O Bg7 5. c4 Nc6 6. Nc3 O-O 7. d4 cxd4 8.
Nxd4 d6 9. Nxc6 bxc6 10. Bxc6 Rb8 11. Bg2 Qa5 12. Qd3 Ba6 13. Rb1 d5 14. Nxd5
Nxd5 15. Qxd5 Qxa2 16. Bf4 Bxc4 17. Qe4 Rxb2 18. Rxb2 Bxb2 19. Qxe7 Bg7 20. Bf3
1/2-1/2

[Event "III Aberto do Brasil Cidade de MaringÃƒÂ"]
[Site "Country Club de MaringÃƒÂ¡ - P"]
[Date "2013.07.28"]
[Round "8"]
[White "REZENDE, Guilherme Vilela"]
[Black "MERLO, Rodrigo Cesar"]
[Result "0-1"]
[WhiteElo "2085"]
[BlackElo "1818"]
[PlyCount "114"]
[EventDate "2013.07.24"]

1. e4 c5 2. Nf3 e6 3. d4 cxd4 4. Nxd4 a6 5. Nc3 Qc7 6. Bd3 Ne7 7. O-O Nbc6 8.
Nb3 Ng6 9. f4 Bb4 10. Bd2 O-O 11. f5 Nge5 12. f6 Rd8 13. Nd5 exd5 14. Bxb4 Nxb4
15. Qh5 Nbxd3 16. cxd3 d6 17. Rac1 Qd7 18. Rf4 Ng6 19. Rf5 Qb5 20. Rxd5 Qb6+
21. Kh1 Qe3 22. h3 Be6 23. Rc7 Bxd5 24. Qxd5 Rf8 25. fxg7 Kxg7 26. Nd4 Kh8 27.
Nf5 Qf4 28. Nxd6 Rad8 29. Nxf7+ Qxf7 30. Rxf7 Rxd5 31. Rxf8+ Nxf8 32. exd5 Kg7
33. g4 Kf6 34. d4 Ng6 35. Kh2 Nf4 36. Kg3 Nxd5 37. h4 h6 38. Kf3 b5 39. Ke4 Ke6
40. g5 hxg5 41. hxg5 Ne7 42. b4 Ng6 43. d5+ Kd6 44. Kd4 Ne7 45. a3 Nxd5 46. g6
Nf6 47. g7 Ng8 48. Ke4 Ne7 49. Kf4 Kd5 50. Kg5 Ke5 51. Kg4 Kf6 52. Kf4 Kxg7 53.
Ke5 Kf7 54. Kd6 Kf6 55. Kc7 Ke6 56. Kb7 Nd5 57. Kxa6 Nc3 0-1

[Event "III Aberto do Brasil Cidade de MaringÃƒÂ"]
[Site "Country Club de MaringÃƒÂ¡ - P"]
[Date "2013.07.28"]
[Round "8"]
[White "MOURA DE LIMA, Wilian Rither D"]
[Black "GARKAUSKAS, Otto Dmitry"]
[Result "0-1"]
[WhiteElo "1948"]
[BlackElo "2084"]
[PlyCount "83"]
[EventDate "2013.07.24"]

1. e4 c5 2. c3 d5 3. exd5 Qxd5 4. d4 Nf6 5. Nf3 Bg4 6. Be2 e6 7. h3 Bh5 8. O-O
Nc6 9. Be3 cxd4 10. cxd4 Be7 11. Nc3 Qd6 12. Qb3 O-O 13. Rfd1 Nb4 14. Nb5 Qd8
15. Rac1 Nbd5 16. Nc3 Rb8 17. Bg5 h6 18. Bxf6 Bxf6 19. Nxd5 Qxd5 20. Qxd5 exd5
21. g4 Bg6 22. Ne5 Rfe8 23. Bf3 Bxe5 24. dxe5 Be4 25. Bxe4 dxe4 26. Rc7 Rbc8
27. Rxb7 Rxe5 28. Rdd7 Rc1+ 29. Kg2 Rc2 30. Re7 Rxe7 31. Rxe7 Rxb2 32. a4 e3
33. Rxe3 Rb4 34. a5 Rb5 35. Ra3 a6 36. Kf3 Kf8 37. Ke4 Ke7 38. f3 Kd6 39. Rd3+
Ke6 40. Ra3 Re5+ 41. Kf4 f5 42. Re3 0-1

[Event "III Aberto do Brasil Cidade de MaringÃƒÂ"]
[Site "Country Club de MaringÃƒÂ¡ - P"]
[Date "2013.07.28"]
[Round "8"]
[White "BARBOSA, Jefferson Lucas Munh"]
[Black "SOUZA, Marcos Valerio A"]
[Result "1-0"]
[WhiteElo "1914"]
[BlackElo "2057"]
[PlyCount "79"]
[EventDate "2013.07.24"]

1. e4 e6 2. d4 d5 3. Nc3 Nf6 4. Bg5 Be7 5. e5 Nfd7 6. h4 h6 7. Be3 b6 8. Qg4
Kf8 9. Nf3 Ba6 10. Bxa6 Nxa6 11. Rh3 g6 12. Ne2 Nb4 13. O-O-O c5 14. Nf4 h5 15.
Qg3 Kg7 16. Ng5 Bxg5 17. hxg5 Rc8 18. c3 cxd4 19. Bxd4 Nc6 20. Qe3 Nxd4 21.
Rxd4 Nb8 22. Nd3 Nc6 23. Rdh4 d4 24. Qf4 dxc3 25. bxc3 Na5 26. Qf6+ Qxf6 27.
exf6+ Kf8 28. Ne5 Ke8 29. g4 Nc4 30. Nd3 Nd6 31. gxh5 Nf5 32. Ra4 Rxh5 33. Rxh5
gxh5 34. Rxa7 Nd4 35. Ne5 Ne2+ 36. Kd2 Nxc3 37. Re7+ Kf8 38. Rxf7+ Ke8 39. Re7+
Kf8 40. Ng6+ 1-0